02130nam a2200277uu 4500001000800000005001700008008004100025020001800066035001200084040001300096041000800109082000800117100002700125245009400152250001100246260002900257300001800286520131700304650002901621650003601650650003301686650003701719650003501756650003301791650002801824136586720260508084808.0140404s2003 eng  a9780807079553 a1365867 ccomduadb aeng 4a32010aDuggan, Lisa4auteaut14aThe twilight of equality? : neoliberalism, cultural politics, and the attack on democracy a1. ed. aBoston :bBeacon,c2003. a111 páginas3 aAhora, todos hemos oído hablar de la escandalosa redistribución de la riqueza que ha ocurrido durante los últimos treinta años, y especialmente durante la última década. Pero cambios económicos como este no ocurren en un vacío; siempre están vinculados a la política. The Twilight of equality busca estos enlaces a través de un análisis de las políticas de la década de 1990, la década cuando el neoliberalismo - politicas de libre mercado - se convirtieron evangelio. Después de un brillante examen histórico sobre cómo se tejen las desigualdades raciales y de género en los muy teóricos fundamentos del modelo neoliberal del Estado, Duggan muestra cómo estas desigualdades se establecen hoy. En una serie de estudios de casos políticos, Duggan revela cómo se han perseguido objetivos neoliberales, lo que demuestra que los argumentos progresistas que separan la política de identidad y la política económica, la política cultural y los asuntos de Estado, sólo pueden fallar. En última instancia, El crepúsculo de Igualdad? no sólo revela cómo las maniobras retóricas de gran éxito del neoliberalismo han funcionado, sino que, más importante aún, muestra una manera de revitalizar y unificar la política progresista en los EE.UU. de hoy. aPolíticas neoliberales aNeoliberalismo - Estados Unidos aLiberalismo - Estados Unidos 7aDemocraciazEstados Unidos2lemb 7aIgualdadzEstados Unidos2lemb aDistribución de la riqueza aEconomía y política